Statistics for Country Pairs with Multiple Tripoints

Click here to take the quiz!

General Stats

  • This quiz has been taken 37 times
  • The average score is 17 of 20

Answer Stats

A B C % Correct
ArmeniaAzerbaijanGeorgia
93%
ChinaIndiaBhutan
90%
Iran
90%
AzerbaijanIranArmenia
87%
Turkey
87%
MozambiqueSouth AfricaSwaziland
87%
Italy
87%
AustriaSwitzerlandGermany
87%
Zimbabwe
83%
Mongolia
83%
Liechtenstein
83%
ChinaRussiaKazakhstan
83%
North Korea
83%
RomaniaUkraineHungary
80%
Moldova
80%
Myanmar
80%
Turkey
80%
Nepal
80%
Pakistan
80%
Turkmenistan
63%

Score Distribution

Percentile by Number Answered

Percent of People with Each Score

Your Score History

You have not taken this quiz